cowboy like me - Taylor Swift (All Lyrics) - Statistics

General Stats
  • This quiz has been taken 244 times
    226 since last reset
  • The average score is 304 of 343
Answer Stats
Lyrics % Correct
like
100%
Like
100%
a
99%
I
99%
the
99%
an
98%
me
98%
you
98%
You
98%
your
98%
cowboy
97%
You're
97%
be
96%
for
96%
in
96%
love
96%
And
95%
it
95%
It
95%
When
95%
is
94%
my
94%
to
94%
dark
93%
of
93%
all
92%
could
92%
some
92%
hear
91%
know
91%
never
91%
Never
91%
one
91%
said,
91%
they
91%
This
91%
this
91%
up
91%
wanna
91%
With
91%
gonna
90%
if
90%
Now
90%
rich
90%
Takes
90%
Tellin'
90%
thing
90%
was
90%
again
89%
But
89%
but
89%
I'm
89%
pay
89%
sleeve
89%
tricks
89%
asked
88%
court
88%
"Dancin'
88%
dangerous
88%
from
88%
tennis
88%
bandit
87%
dance
87%
game"
87%
got
87%
I've
87%
folks
86%
Only
86%
way
86%
anything
85%
Babylon
85%
hang
85%
lips
85%
those
85%
Gardens
84%
thought
84%
Eyes
82%
Oh,
82%
things
82%
covered
81%
full
81%
I'd
81%
Just
81%
Forever
80%
fuck
80%
I'll
80%
stars
80%
by
79%
closets
79%
had
79%
tent
79%
that
79%
wanted
79%
skeletons
78%
sweetest
78%
We
78%
bar
77%
beneath
77%
car
77%
down
77%
fancy
77%
our
77%
bed
76%
con
76%
men
75%
waiting
74%
both
73%
good
73%
here
73%
Perched
73%
airport
72%
believe
72%
did
72%
hard
72%
old
72%
sitting
72%
boots
71%
forward
71%
life,
71%
meet
71%
phone
69%
locked
67%
Really
66%
stories
65%
through
65%
town
65%
before
64%
about
63%
have
61%
Plotted
61%
passed
60%
ladies
58%
Hustlin'
57%
their
55%
swindled
51%
lunchin'
47%
Hustling
45%
No matching quizzes found
Score Distribution
Percent of People with Each Score
Percentile by Number Answered
Your Score History
You have not taken this quiz since the last reset